Style directions for men
| Main Author: | |
|---|---|
| Format: | Book |
| Published: |
London :
Judy Piatkus Publishers Ltd ,
1999
|
| Subjects: |
MARC
| LEADER | 00000cam a2200000 7i4500 | ||
|---|---|---|---|
| 001 | 0000066249 | ||
| 005 | 20160921.0 | ||
| 008 | 160921 | ||
| 020 | |a 0749918659 | ||
| 090 | 0 | 0 | |a 646.7 |b SPE |
| 100 | 1 | |a Spenser's,Carol | |
| 245 | 1 | 0 | |a Style directions for men |c Carol Spenser's |
| 260 | |a London : |b Judy Piatkus Publishers Ltd , |c 1999 | ||
| 300 | |a 160p. : |b col.ill | ||
| 650 | 0 | |a Style in dress | |
| 999 | |a 0000936135 |b Book |c Adult Collection |e Cawangan Tangkak | ||
| 999 | |a 0000936136 |b Book |c Adult Collection |e Cawangan Tangkak | ||